Statistics for THE Harry Potter Quiz!

Click here to take the quiz!

General Stats

  • This quiz has been taken 53 times
  • The average score is 11 of 15

Answer Stats

QuestionsAnswer% Correct
What is Harry Potter's mother's first name?Lily
98%
What is the name of Lucius Malfoy's house elf?Dobby
91%
What is the name of the book/film where Dumbledore dies?The Half Blood Prince
84%
What is Hermione's parents occupations?Dentists
82%
What is Hermione's middle name?Jean
82%
How many blood statuses are there in Harry Potter?3
80%
What is the first name of Luna Lovegood's father?Xenophilius
73%
What colour is Harry Potter's eyes?Green
71%
Who played Draco Malfoy?Tom Felton
71%
What is the name of Dumbledore's brother?Aberforth
69%
What is the name of Argus Filch's pet cat?Mrs Norris
69%
When is Harry Potter's birthday?July 31
56%
What is the name of the headmistress of Beaxbatons Academy of Magic?Madame Maxime
53%
Who played Rubeus Hagrid?Robbie Coltrane
47%
What is the name of Hagrid's mother?Fridwulfa
29%

Score Distribution

Percentile by Number Answered

Percent of People with Each Score

Your Score History

You have not taken this quiz